| 000 | 00508nam a2200217Ia 4500 | ||
|---|---|---|---|
| 008 | 210210b2011 xxu||||| |||| 00| 0 eng d | ||
| 020 | _a9789380669076 | ||
| 041 | _aeng | ||
| 082 | _aH891.9 PARH | ||
| 100 | _aPARMAR (Abhay) | ||
| 245 | _aHindI dalit AtmkathAye: ek anushIlan | ||
| 260 |
_aKAnpur _bGyan Prakashan _c2011 |
||
| 300 | _a224 | ||
| 650 | _aHindI | ||
| 650 | _aek | ||
| 650 | _adalit | ||
| 650 | _aAtmkathAye: | ||
| 650 | _aanushIlan | ||
| 690 | _aHindi Criticism | ||
| 906 | _a065797 | ||
| 999 |
_c147092 _d147092 |
||